000 00315nam a2200097 a 4500
005 20200929165038.0
008 100319s1982 000 spa d
245 0 _aEvaluación clínica nutricional para niños dominicanos a partir de las normales de peso y talla.
260 _aSanto Domingo,
_c1982.
999 _c16724
_d16724
040 _aDO-SdBNP